000 00563nam a2200229Ia 4500
003 OSt
005 20220918213422.0
006 a|||||r|||| 00| 0
007 ta
008 220917b |||||||| |||| 00| 0 eng d
024 _a132,599
037 _cTextual
040 _aARTS
_cARTS
_beng
041 _2eng
_aeng
082 _aX6xM83w, J2
100 _aHarrod R F
245 0 _aLife of John Maynard Keynes
260 _aNA
_bNA
_c1952
650 _aECONOMICS
942 _hX6xM83w, J2
_cTEXL
_2CC
999 _c255710
_d255710